Multiple Choice: Geological Features of the Sahara - Statistics

General Stats
  • This quiz has been taken 9 times
  • The average score is 8 of 10
Answer Stats
Question Answer % Correct
This feature is characterized by wide, shallow valleys strewn with granite blocks. It is the burial site of the Asseler Man, and the site of a series of mosques that all run north to south and have multiple aisles parallel to the qibla. Adrar del Ifoghas
100%
Part of this feature formed when Africa collided with North America and created what are now the Fall Line Escarpment and Appalachian Mountains in the Eastern USA. The larger part formed when Africa collided with Europe and uplifted this feature along with the Alps and Pyrenees. This mysterious feature is bigger than expected when the crust is not particularly thick or shortened. Anomalies in the mantle are suspected. Atlas Mountains
100%
Long sand ridges running north-south, featured in Assassin's Creed Great Sand Sea
100%
Contains the tomb of Tin Hanan, a fugitive princess whose caravan became the first Tuaregs, and whose existence was thought to be a legend until the tomb was found. This feature's tallest peaks have been eroded down to the igneous rock that used to plug the volcanos. It also had some of the last holdouts of the Northwest African Cheetah, which can survive drinking only blood and no water. Hoggar Mountains
100%
The remnants of a gigantic paleolake, housed in a rift basin with normal faults on both sides and a graben in the middle. Critically threatened by climate change Lake Chad
100%
A predictably flooding body of water that flows from Ethiopia to the Mediterranean, the site of the Ancient Egyptian civilization and the home of 20% of the African population. Nile River
100%
The site of a large amount of fossil water (water that hasn't been disturbed in thousands of years), part of which is diverted into Libya's Great Manmade River. Nubian Sandstone Aquifer
100%
An eroded dome with two concentric ring dykes that conspiracy theorists consider the site of Atlantis. It has a few stone tool artifacts that have been brought closer together by deflation of the dome. Richat Structure
100%
This feature boasts a Sahel climate, strangely dark granite, uranium, coal, and one of the largest ring dyke systems in the world. It is the site of large prehistoric petroglyphs of giraffes. Air Mountains
0%
A recently active volcanic area with sulfurous fumaroles, hot springs, and mud pools. Surrounded by plateaus created by old lava flows. Water collects in this relatively cooler area, and flows to Lake Chad through rivers (though evaporation is an issue) and underground aquifers. The soil alternates between sand/gravel and silt/clay, indicating that the climate alternates between dry (little erosion) and wet (water erosion). Tibesti Mountains
0%
No matching quizzes found
Score Distribution
Percent of People with Each Score
Percentile by Number Answered
Your Score History
You have not taken this quiz